Mạch đổi điện 1,5V DC - 22,5V DC Luận văn tốt nghiệp Đại học sư phạm ngành Vật lí Khóa 09
সংরক্ষণ করুন:
| প্রধান লেখক: | |
|---|---|
| বিন্যাস: | গ্রন্থ |
| ভাষা: | Undetermined |
| প্রকাশিত: |
Cần Thơ
Trường Đại học Cần Thơ, Khoa Sư phạm, Bộ môn Vật lí
1987
|
| ট্যাগগুলো: |
ট্যাগ যুক্ত করুন
কোনো ট্যাগ নেই, প্রথমজন হিসাবে ট্যাগ করুন!
|
| Thư viện lưu trữ: | Trung tâm Học liệu Trường Đại học Cần Thơ |
|---|
| LEADER | 00666nam a2200181Ia 4500 | ||
|---|---|---|---|
| 001 | CTU_25621 | ||
| 008 | 210402s9999 xx 000 0 und d | ||
| 082 | |a 621.381 | ||
| 082 | |b D513/1987 | ||
| 100 | |a Phan Mỹ Dung | ||
| 245 | 0 | |a Mạch đổi điện 1,5V DC - 22,5V DC | |
| 245 | 0 | |b Luận văn tốt nghiệp Đại học sư phạm ngành Vật lí Khóa 09 | |
| 245 | 0 | |c Phan Mỹ Dung | |
| 260 | |a Cần Thơ | ||
| 260 | |b Trường Đại học Cần Thơ, Khoa Sư phạm, Bộ môn Vật lí | ||
| 260 | |c 1987 | ||
| 904 | |i Nguyễn Quang Điền, 980929 | ||
| 980 | |a Trung tâm Học liệu Trường Đại học Cần Thơ | ||